| Tag |
First Indicator |
Second Indicator |
Subfields |
| LEADER |
00000cam a2200000 i 4500 |
| 001 |
in00003604313 |
| 005 |
20160302093229.0 |
| 008 |
140801s2015 vtu b 001 0 eng c |
| 010 |
|
|
|a 2014030870
|
| 035 |
|
|
|a (OCoLC)ocn896126576
|
| 040 |
|
|
|a IEN/DLC
|b eng
|e rda
|c INU
|d DLC
|d STF
|d BTCTA
|d OCLCF
|d YDXCP
|d CHVBK
|d OCLCQ
|d OCLCO
|
| 020 |
|
|
|a 9781472436696
|q (hardback ;
|q alk. paper)
|
| 020 |
|
|
|a 1472436695
|q (hardback ;
|q alk. paper)
|
| 020 |
|
|
|a 9781472436702
|q (ebook)
|
| 020 |
|
|
|a 1472436709
|q (ebook)
|
| 020 |
|
|
|a 9781472436719
|q (epub)
|
| 020 |
|
|
|a 1472436717
|q (epub)
|
| 042 |
|
|
|a pcc
|
| 043 |
|
|
|a f------
|
| 050 |
0 |
0 |
|a HC800
|b .A553356 2015
|
| 082 |
0 |
4 |
|a 327.1096
|2 23
|
| 049 |
|
|
|a TXAM
|
| 245 |
0 |
0 |
|a Africa in the age of globalisation :
|b perceptions, misperceptions and realities /
|c edited by Edward Shizha and Lamine Diallo (Wilfred Laurier University, Canada).
|
| 264 |
|
1 |
|a Burlington, VT :
|b Ashgate Publishing Company,
|c [2015]
|
| 264 |
|
4 |
|c ©2015
|
| 300 |
|
|
|a xxx, 277 pages ;
|c 24 cm.
|
| 336 |
|
|
|a text
|b txt
|2 rdacontent
|
| 337 |
|
|
|a unmediated
|b n
|2 rdamedia
|
| 338 |
|
|
|a volume
|b nc
|2 rdacarrier
|
| 490 |
1 |
|
|a The international political economy of new regionalisms series
|
| 504 |
|
|
|a Includes bibliographical references and index.
|
| 505 |
0 |
0 |
|t Introduction: Africa in the age of globalisation /
|r Edward Shizha and Lamine Diallo --
|g Part 1.
|t Social and institutional development.
|t Globalisation and Africa: critical historical and deconstructive/reconstructive epistemic reflections /
|r Ali A. Abdi --
|t African development post-2015: sustainable agency or reversion to dependency? /
|r Timothy M. Shaw --
|t Democracy and governance in Africa: lessons from Senegal /
|r Lamine Diallo --
|t Globalisation, sovereign debt and adjustment programmes in Africa: implications for creditors, debtors and policy makers in Europe /
|r Gloria T. Emeagwali --
|g Part 2.
|t Technology and global partnerships.
|t The paradox of broadband access in Sub-Saharan Africa /
|r Akbar M. Saeed and Oliver Masakure --
|t Aspirations for Senegal: exploring international NGO partnerships /
|r Kathryn Mossman --
|t Globalisation, NGOs and multi-sectoral relations: Zimbabwean experience 1980-2012 /
|r Gilbert Tarugarira --
|t China-Japan rivalry in Africa /
|r Bertha Z. Osei-Hwedei --
|g Part 3.
|t Gender, migration and settlement.
|t Evidence based policy-making in the age of globalisation: measuring the impact of Chinese investments on women in Sub-Saharan Africa /
|r Isioma Ile and Mulugeta F. Dinbabo --
|t The cracks and the crevices: Rwandan women in the diaspora navigating gender regimes in Rwanda and Canada /
|r Anna Ainsworth --
|t Gender, contemporary realities, and the challenges of reconstructing identities in a transnational context /
|r Phil Okeke-Ihejirika --
|g Part 4.
|t Education and globalisation in Africa.
|t Demystifying the misperceptions and realities about the efficacy of monograde and multigrade pedagogies: Africa's response to globalisation in education /
|r Charles Kivunja and Margaret Sims --
|t Revitalising higher education in the age of globalisation: the African dilemma /
|r Girmaw Abebe Akalu --
|t Globalising education for globalised labour markets: brain drain or gain for Africa /
|r Edward Shizha.
|
| 651 |
|
0 |
|a Africa
|x Economic conditions
|y 21st century.
|
| 650 |
|
0 |
|a Economic development
|z Africa.
|
| 650 |
|
0 |
|a Economic development
|z Africa
|x International cooperation.
|
| 650 |
|
0 |
|a Women in development
|z Africa.
|
| 650 |
|
0 |
|a Education and globalization
|z Africa.
|
| 650 |
|
0 |
|a Globalization
|z Africa.
|
| 650 |
|
7 |
|a Economic development.
|2 fast
|0 (OCoLC)fst00901785
|
| 650 |
|
7 |
|a Economic development
|x International cooperation.
|2 fast
|0 (OCoLC)fst00901835
|
| 650 |
|
7 |
|a Economic history.
|2 fast
|0 (OCoLC)fst00901974
|
| 650 |
|
7 |
|a Education and globalization.
|2 fast
|0 (OCoLC)fst01201691
|
| 650 |
|
7 |
|a Globalization.
|2 fast
|0 (OCoLC)fst00943532
|
| 650 |
|
7 |
|a Women in development.
|2 fast
|0 (OCoLC)fst01177865
|
| 651 |
|
7 |
|a Africa.
|2 fast
|0 (OCoLC)fst01239509
|
| 650 |
|
7 |
|a Wirtschaftsentwicklung.
|0 (DE-588)4066438-7
|2 gnd
|
| 650 |
|
7 |
|a Geschlechterrolle.
|0 (DE-588)4071776-8
|2 gnd
|
| 650 |
|
7 |
|a Globalisierung.
|0 (DE-588)4557997-0
|2 gnd
|
| 651 |
|
7 |
|a Afrika.
|0 (DE-588)4000695-5
|2 gnd
|
| 648 |
|
7 |
|a 2000 - 2099
|2 fast
|
| 700 |
1 |
|
|a Shizha, Edward,
|e editor,
|e author.
|
| 700 |
1 |
|
|a Diallo, Lamine,
|d 1958-
|e editor,
|e author.
|
| 830 |
|
0 |
|a International political economy of new regionalisms series.
|
| 948 |
|
|
|a cataloged
|b h
|c 2016/3/2
|d c
|e ceaton
|f 9:31:41 am
|
| 994 |
|
|
|a C0
|b TXA
|
| 999 |
f |
f |
|s 774b5fb0-7cdd-3636-9697-6c899392634e
|i cb4dd371-0c1a-35ef-ba17-6bab7cc247ad
|t 0
|
| 952 |
f |
f |
|p ric
|a Texas A&M University
|b Rellis Campus
|c Joint Library Facility
|d Remote Storage
|t 0
|e HC800 .A553356 2015
|h Library of Congress classification
|i unmediated -- volume
|m A14843341935
|
| 998 |
f |
f |
|a HC800 .A553356 2015
|t 0
|l Remote Storage
|